000 00629nam a2200265Ia 4500
008 181129s9999 xx 000 0 und d
020 _a9780545298636
050 _bB889 2010
100 _aBruel, Nick
245 0 _aHappy birthday bad kitty /
245 0 _cby Nick Bruel.
260 _aNew York, NY :
260 _bScholastic,
260 _c2010
300 _a159 pages :
300 _billustrations ;
300 _c19cm.
650 _aBirthdays.
650 _aCats --
650 _aHuman behavior.
650 _aHumorous stories.
650 _aKittens.
650 _xBirthday parties.
700 _aTitle.
999 _c360315
_d360315